[Event "DVM U16 2023"]
[Site "Magdeburg GER"]
[Date "2023.12.28"]
[Round "3"]
[White "Schmidt, Tobias"]
[Black "Barembruch, Bruno"]
[Result "1-0"]
[Termination "normal"]
[Board "5.4"]
[WhiteElo "1618"]
[BlackElo "1660"]
[WhiteClock "00:02:42"]
[BlackClock "00:00:47"]
[WhiteTeam "SV Empor Berlin"]
[BlackTeam "SK Johanneum Eppendorf"]
[PlyCount "81"]
[WhiteFideId "16254376"]
[BlackFideId "34639411"]
[EventCountry "GER"]
[EventRounds "7"]
[EventType "team-swiss"]
[EventDate "2023.12.26"]

1. d4 {[%clk 01:30:58]} {[%emt 00:00:01]} d5 {[%clk 01:30:52]} {[%emt
00:00:08]} 2. c4 {[%clk 01:31:23]} {[%emt 00:00:06]} c6 {[%clk 01:31:18]}
{[%emt 00:00:04]} 3. Nc3 {[%clk 01:31:44]} {[%emt 00:00:09]} Nf6 {[%clk
01:31:41]} {[%emt 00:00:06]} 4. Nf3 {[%clk 01:32:08]} {[%emt 00:00:06]} a6
{[%clk 01:32:05]} {[%emt 00:00:05]} 5. cxd5 {[%clk 01:30:33]} {[%emt 00:02:06]}
cxd5 {[%clk 01:32:28]} {[%emt 00:00:08]} 6. Bf4 {[%clk 01:27:29]} {[%emt
00:03:34]} Nc6 {[%clk 01:28:47]} {[%emt 00:04:11]} 7. e3 {[%clk 01:27:21]}
{[%emt 00:00:39]} e6 {[%clk 01:27:15]} {[%emt 00:02:01]} 8. Bd3 {[%clk
01:26:51]} {[%emt 00:01:01]} Be7 {[%clk 01:27:12]} {[%emt 00:00:33]} 9. O-O
{[%clk 01:27:14]} {[%emt 00:00:07]} O-O {[%clk 01:22:45]} {[%emt 00:04:55]} 10.
a3 {[%clk 01:25:26]} {[%emt 00:02:19]} Bd7 {[%clk 01:13:00]} {[%emt 00:10:15]}
11. Rc1 {[%clk 01:24:18]} {[%emt 00:01:39]} b5 {[%clk 01:11:58]} {[%emt
00:01:32]} 12. Re1 {[%clk 01:05:23]} {[%emt 00:19:24]} b4 {[%clk 00:58:19]}
{[%emt 00:14:09]} 13. Nb1 {[%clk 01:01:04]} {[%emt 00:04:49]} Qb6 {[%clk
00:49:50]} {[%emt 00:08:58]} 14. Ne5 {[%clk 00:58:23]} {[%emt 00:03:13]} Rfc8
{[%clk 00:47:20]} {[%emt 00:03:00]} 15. Nxd7 {[%clk 00:57:19]} {[%emt
00:01:33]} Nxd7 {[%clk 00:47:48]} {[%emt 00:00:02]} 16. Qa4 {[%clk 00:54:12]}
{[%emt 00:03:37]} Qb7 {[%clk 00:29:23]} {[%emt 00:18:55]} 17. Rc2 {[%clk
00:51:36]} {[%emt 00:03:06]} Nb6 {[%clk 00:28:26]} {[%emt 00:01:27]} 18. Qb3
{[%clk 00:49:50]} {[%emt 00:02:17]} Na5 {[%clk 00:28:39]} {[%emt 00:00:17]} 19.
Rxc8+ {[%clk 00:50:07]} {[%emt 00:00:13]} Rxc8 {[%clk 00:28:54]} {[%emt
00:00:14]} 20. Qd1 {[%clk 00:49:53]} {[%emt 00:00:44]} Nbc4 {[%clk 00:19:42]}
{[%emt 00:09:43]} 21. Qe2 {[%clk 00:47:50]} {[%emt 00:02:33]} bxa3 {[%clk
00:16:46]} {[%emt 00:03:26]} 22. bxa3 {[%clk 00:38:46]} {[%emt 00:09:34]} Rc6
{[%clk 00:13:19]} {[%emt 00:03:57]} 23. e4 {[%clk 00:34:58]} {[%emt 00:04:18]}
Rb6 {[%clk 00:09:51]} {[%emt 00:03:58]} 24. exd5 {[%clk 00:33:16]} {[%emt
00:02:12]} Qxd5 {[%clk 00:10:11]} {[%emt 00:00:10]} 25. Rd1 {[%clk 00:24:24]}
{[%emt 00:09:22]} g6 {[%clk 00:07:10]} {[%emt 00:03:30]} 26. Be4 {[%clk
00:13:53]} {[%emt 00:11:03]} Qd7 {[%clk 00:06:49]} {[%emt 00:00:51]} 27. Nc3
{[%clk 00:13:39]} {[%emt 00:00:44]} Rb2 {[%clk 00:06:38]} {[%emt 00:00:41]} 28.
Qf3 {[%clk 00:13:22]} {[%emt 00:00:46]} Bxa3 {[%clk 00:02:03]} {[%emt
00:05:06]} 29. Bh6 {[%clk 00:08:52]} {[%emt 00:05:00]} Bf8 {[%clk 00:01:53]}
{[%emt 00:00:40]} 30. Bc1 {[%clk 00:08:39]} {[%emt 00:00:43]} Rb3 {[%clk
00:02:11]} {[%emt 00:00:12]} 31. Bc2 {[%clk 00:07:31]} {[%emt 00:01:38]} Rb8
{[%clk 00:02:03]} {[%emt 00:00:38]} 32. Ne4 {[%clk 00:05:16]} {[%emt 00:02:45]}
Qd8 {[%clk 00:00:34]} {[%emt 00:02:00]} 33. Nf6+ {[%clk 00:03:40]} {[%emt
00:02:05]} Kh8 {[%clk 00:01:04]} 34. Bg5 {[%clk 00:02:57]} {[%emt 00:01:13]}
Be7 {[%clk 00:01:18]} {[%emt 00:00:16]} 35. Qf4 {[%clk 00:02:12]} {[%emt
00:01:14]} Na3 {[%clk 00:01:00]} {[%emt 00:00:48]} 36. Qh4 {[%clk 00:01:19]}
{[%emt 00:01:23]} h5 {[%clk 00:01:08]} {[%emt 00:00:22]} 37. Be4 {[%emt
00:00:44]} Kg7 {[%clk 00:00:49]} {[%emt 00:00:15]} 38. Nxh5+ {[%clk 00:01:52]}
{[%emt 00:00:16]} gxh5 {[%clk 00:01:12]} {[%emt 00:00:07]} 39. Bxe7 {[%clk
00:02:13]} {[%emt 00:00:09]} Qg8 {[%clk 00:00:49]} {[%emt 00:00:52]} 40. Qg5+
{[%clk 00:02:26]} {[%emt 00:00:17]} Kh8 {[%clk 00:00:47]} {[%emt 00:00:32]} 41.
Bf6+ {[%clk 00:02:42]} {[%emt 00:00:14]} 1-0

[Event "DVM U16 2023"]
[Site "Magdeburg GER"]
[Date "2023.12.28"]
[Round "3"]
[White "Trenz, Finn"]
[Black "Englert, Luca"]
[Result "0-1"]
[Termination "normal"]
[Board "6.1"]
[WhiteElo "1884"]
[BlackElo "2149"]
[WhiteClock "00:05:46"]
[BlackClock "00:20:30"]
[WhiteTeam "SV Multatuli Ingelheim"]
[BlackTeam "VfB Schach Leipzig"]
[PlyCount "104"]
[WhiteFideId "16279379"]
[BlackFideId "16293088"]
[EventCountry "GER"]
[EventRounds "7"]
[EventType "team-swiss"]
[EventDate "2023.12.26"]

1. e4 {[%clk 01:30:57]} {[%emt 00:00:02]} c5 {[%clk 01:30:54]} {[%emt
00:00:06]} 2. c4 {[%clk 01:30:50]} {[%emt 00:00:38]} Nc6 {[%clk 01:31:20]}
{[%emt 00:00:04]} 3. Nc3 {[%clk 01:31:15]} {[%emt 00:00:05]} g6 {[%clk
01:31:47]} {[%emt 00:00:03]} 4. g3 {[%clk 01:31:42]} {[%emt 00:00:04]} Bg7
{[%clk 01:32:14]} {[%emt 00:00:03]} 5. Bg2 {[%clk 01:32:07]} {[%emt 00:00:05]}
h5 {[%clk 01:32:41]} {[%emt 00:00:03]} 6. h4 {[%clk 01:24:55]} {[%emt
00:07:42]} d6 {[%clk 01:33:05]} {[%emt 00:00:05]} 7. Nge2 {[%clk 01:23:42]}
{[%emt 00:01:43]} Bg4 {[%clk 01:33:30]} {[%emt 00:00:05]} 8. O-O {[%clk
01:23:23]} {[%emt 00:00:49]} Qd7 {[%clk 01:31:55]} {[%emt 00:02:05]} 9. d3
{[%clk 01:19:41]} {[%emt 00:04:12]} Nf6 {[%clk 01:08:37]} {[%emt 00:23:48]} 10.
Be3 {[%clk 01:14:05]} {[%emt 00:06:06]} Bxe2 {[%clk 00:59:33]} {[%emt
00:09:35]} 11. Qxe2 {[%clk 01:07:06]} {[%emt 00:07:29]} e6 {[%clk 00:48:39]}
{[%emt 00:11:24]} 12. Bh3 {[%clk 00:56:37]} {[%emt 00:10:59]} Qe7 {[%clk
00:31:12]} {[%emt 00:17:56]} 13. Rae1 {[%clk 00:41:28]} {[%emt 00:15:40]} O-O
{[%clk 00:26:10]} {[%emt 00:05:33]} 14. Bg5 {[%clk 00:32:48]} {[%emt 00:09:10]}
Nd4 {[%clk 00:22:36]} {[%emt 00:04:04]} 15. Qd1 {[%clk 00:32:49]} {[%emt
00:00:28]} Qc7 {[%clk 00:16:02]} {[%emt 00:07:04]} 16. Kg2 {[%clk 00:22:44]}
{[%emt 00:10:36]} Nd7 {[%clk 00:13:58]} {[%emt 00:02:34]} 17. Ne2 {[%clk
00:15:44]} {[%emt 00:07:29]} Rae8 {[%clk 00:12:21]} {[%emt 00:02:07]} 18. Nxd4
{[%clk 00:15:23]} {[%emt 00:00:52]} cxd4 {[%clk 00:11:16]} {[%emt 00:01:35]}
19. g4 {[%clk 00:13:02]} {[%emt 00:02:50]} hxg4 {[%clk 00:08:51]} {[%emt
00:02:55]} 20. Bxg4 {[%clk 00:10:48]} {[%emt 00:02:44]} Qc5 {[%clk 00:08:42]}
{[%emt 00:00:37]} 21. Qd2 {[%clk 00:10:19]} {[%emt 00:01:00]} Ne5 {[%clk
00:07:09]} {[%emt 00:02:03]} 22. Bd1 {[%clk 00:09:56]} {[%emt 00:00:52]} d5
{[%clk 00:05:54]} {[%emt 00:01:45]} 23. Ba4 {[%clk 00:09:03]} {[%emt 00:01:23]}
dxc4 {[%clk 00:05:17]} {[%emt 00:01:08]} 24. Bxe8 {[%clk 00:04:13]} {[%emt
00:05:19]} Nxd3 {[%clk 00:05:13]} {[%emt 00:00:34]} 25. Ba4 {[%clk 00:03:35]}
{[%emt 00:01:08]} b5 {[%clk 00:05:15]} {[%emt 00:00:28]} 26. Bb3 {[%clk
00:03:02]} {[%emt 00:01:03]} Nxe1+ {[%clk 00:05:34]} {[%emt 00:00:11]} 27. Rxe1
{[%clk 00:03:21]} {[%emt 00:00:11]} cxb3 {[%clk 00:05:57]} {[%emt 00:00:07]}
28. axb3 {[%clk 00:03:44]} {[%emt 00:00:07]} Rc8 {[%clk 00:05:19]} {[%emt
00:01:07]} 29. Qd3 {[%clk 00:03:40]} {[%emt 00:00:35]} Qb6 {[%clk 00:04:48]}
{[%emt 00:01:02]} 30. e5 {[%clk 00:03:31]} {[%emt 00:00:38]} Qb7+ {[%clk
00:04:16]} {[%emt 00:01:01]} 31. Kg1 {[%clk 00:02:33]} {[%emt 00:01:29]} Qd5
{[%clk 00:04:29]} {[%emt 00:00:17]} 32. f4 {[%clk 00:01:23]} {[%emt 00:01:40]}
Bf8 {[%clk 00:04:02]} {[%emt 00:00:56]} 33. h5 {[%clk 00:01:01]} {[%emt
00:00:52]} gxh5 {[%clk 00:02:08]} {[%emt 00:02:24]} 34. Qg3 {[%clk 00:01:09]}
{[%emt 00:00:22]} d3 {[%clk 00:01:18]} {[%emt 00:01:21]} 35. Bf6+ {[%clk
00:00:39]} {[%emt 00:00:59]} Kh7 {[%clk 00:01:46]} {[%emt 00:00:01]} 36. Qh3
{[%clk 00:00:36]} {[%emt 00:00:33]} Bh6 {[%clk 00:00:41]} {[%emt 00:01:35]} 37.
Qxh5 {[%clk 00:00:37]} {[%emt 00:00:30]} Rg8+ {[%clk 00:00:56]} {[%emt
00:00:15]} 38. Bg5 {[%clk 00:01:01]} {[%emt 00:00:05]} Rg6 {[%clk 00:01:04]}
{[%emt 00:00:22]} 39. Kf1 {[%clk 00:00:36]} {[%emt 00:00:55]} d2 {[%clk
00:01:21]} {[%emt 00:00:13]} 40. Rd1 {[%clk 00:00:41]} {[%emt 00:00:24]} Qd3+
{[%clk 00:00:48]} {[%emt 00:01:03]} 41. Kf2 {[%clk 00:26:46]} {[%emt 00:04:26]}
Kg8 {[%clk 00:25:02]} {[%emt 00:06:16]} 42. Rh1 {[%clk 00:15:48]} {[%emt
00:11:27]} b4 {[%clk 00:23:54]} {[%emt 00:01:38]} 43. Rd1 {[%clk 00:06:32]}
{[%emt 00:09:46]} Bxg5 {[%clk 00:23:36]} {[%emt 00:00:48]} 44. fxg5 {[%clk
00:06:43]} {[%emt 00:00:19]} Qf5+ {[%clk 00:23:16]} {[%emt 00:00:50]} 45. Qf3
{[%clk 00:06:08]} {[%emt 00:01:05]} Rxg5 {[%clk 00:20:16]} {[%emt 00:03:30]}
46. Rxd2 {[%clk 00:06:21]} {[%emt 00:00:17]} Qxe5 {[%clk 00:19:27]} {[%emt
00:01:19]} 47. Qa8+ {[%clk 00:05:44]} {[%emt 00:01:07]} Kg7 {[%clk 00:19:39]}
{[%emt 00:00:17]} 48. Qxa7 {[%clk 00:04:59]} {[%emt 00:01:15]} Rf5+ {[%clk
00:19:42]} {[%emt 00:00:27]} 49. Kg2 {[%clk 00:05:13]} {[%emt 00:00:17]} Qe4+
{[%clk 00:19:58]} {[%emt 00:00:13]} 50. Kh3 {[%clk 00:05:07]} {[%emt 00:00:36]}
Rh5+ {[%clk 00:20:07]} {[%emt 00:00:21]} 51. Kg3 {[%clk 00:05:31]} {[%emt
00:00:06]} Rg5+ {[%clk 00:20:30]} {[%emt 00:00:07]} 52. Kh2 {[%clk 00:05:46]}
{[%emt 00:00:15]} Qh4# {[%emt 00:00:05]} 0-1

[Event "DVM U16 2023"]
[Site "Magdeburg GER"]
[Date "2023.12.28"]
[Round "3"]
[White "Schön, Florian"]
[Black "Colditz, Elias"]
[Result "0-1"]
[Termination "normal"]
[Board "6.2"]
[WhiteElo "1879"]
[BlackElo "1706"]
[WhiteClock "00:02:40"]
[BlackClock "00:02:13"]
[WhiteTeam "VfB Schach Leipzig"]
[BlackTeam "SV Multatuli Ingelheim"]
[PlyCount "78"]
[WhiteFideId "16259394"]
[BlackFideId "16298039"]
[EventCountry "GER"]
[EventRounds "7"]
[EventType "team-swiss"]
[EventDate "2023.12.26"]

1. e4 {[%clk 01:30:59]} {[%emt 12:39:57]} c5 {[%clk 01:30:54]} {[%emt
00:00:07]} 2. Nf3 {[%clk 01:30:56]} {[%emt 00:00:33]} g6 {[%clk 01:31:11]}
{[%emt 00:00:13]} 3. Bc4 {[%clk 01:30:38]} {[%emt 00:00:48]} Nc6 {[%clk
01:28:46]} {[%emt 00:02:55]} 4. O-O {[%clk 01:28:05]} {[%emt 00:03:03]} Bg7
{[%clk 01:26:51]} {[%emt 00:02:25]} 5. c3 {[%clk 01:26:58]} {[%emt 00:01:37]}
Nf6 {[%clk 01:17:17]} {[%emt 00:10:03]} 6. e5 {[%clk 01:13:00]} {[%emt
00:14:28]} Ng4 {[%clk 01:06:12]} {[%emt 00:11:35]} 7. Bxf7+ {[%clk 01:11:21]}
{[%emt 00:02:09]} Kxf7 {[%clk 01:04:24]} {[%emt 00:02:18]} 8. Ng5+ {[%clk
01:11:43]} {[%emt 00:00:07]} Ke8 {[%clk 01:01:55]} {[%emt 00:02:59]} 9. Qxg4
{[%clk 01:11:41]} {[%emt 00:00:32]} Nxe5 {[%clk 01:00:58]} {[%emt 00:01:28]}
10. Qe2 {[%clk 01:09:57]} {[%emt 00:02:14]} c4 {[%clk 00:51:18]} {[%emt
00:10:10]} 11. f4 {[%clk 01:01:15]} {[%emt 00:09:12]} Qb6+ {[%clk 00:47:22]}
{[%emt 00:04:25]} 12. Kh1 {[%emt 00:02:19]} Nd3 {[%clk 00:46:33]} {[%emt
00:01:15]} 13. b3 {[%clk 00:53:37]} {[%emt 00:06:23]} d5 {[%clk 00:32:33]}
{[%emt 00:14:29]} 14. Ba3 {[%clk 00:50:57]} {[%emt 00:03:10]} Bf6 {[%clk
00:31:35]} {[%emt 00:01:28]} 15. bxc4 {[%clk 00:50:21]} {[%emt 00:01:06]} dxc4
{[%clk 00:31:09]} {[%emt 00:00:56]} 16. Ne4 {[%clk 00:44:24]} {[%emt 00:06:27]}
Kf7 {[%clk 00:29:33]} {[%emt 00:02:06]} 17. Qe3 {[%clk 00:30:14]} {[%emt
00:14:41]} Bf5 {[%clk 00:21:08]} {[%emt 00:08:54]} 18. Nc5 {[%clk 00:15:09]}
{[%emt 00:15:36]} Rhd8 {[%clk 00:18:26]} {[%emt 00:03:12]} 19. Nxd3 {[%clk
00:09:44]} {[%emt 00:05:54]} Qxe3 {[%clk 00:15:22]} {[%emt 00:03:34]} 20. Ne5+
{[%clk 00:09:22]} {[%emt 00:00:52]} Bxe5 {[%clk 00:13:39]} {[%emt 00:02:13]}
21. dxe3 {[%clk 00:09:46]} {[%emt 00:00:06]} Bf6 {[%clk 00:08:38]} {[%emt
00:05:31]} 22. Bb4 {[%clk 00:06:19]} {[%emt 00:03:58]} Rd3 {[%clk 00:06:41]}
{[%emt 00:02:27]} 23. Re1 {[%clk 00:04:27]} {[%emt 00:02:21]} a5 {[%clk
00:05:49]} {[%emt 00:01:22]} 24. Bc5 {[%clk 00:04:46]} {[%emt 00:00:12]} Bxc3
{[%clk 00:05:25]} {[%emt 00:00:53]} 25. Nxc3 {[%clk 00:05:14]} {[%emt
00:00:02]} Rxc3 {[%clk 00:05:46]} {[%emt 00:00:09]} 26. Bd4 {[%clk 00:05:34]}
{[%emt 00:00:11]} Rc2 {[%clk 00:05:18]} {[%emt 00:00:57]} 27. e4 {[%clk
00:05:09]} {[%emt 00:00:56]} Be6 {[%clk 00:05:19]} {[%emt 00:00:29]} 28. Bb6
{[%clk 00:03:58]} {[%emt 00:01:40]} Ra6 {[%clk 00:04:24]} {[%emt 00:01:26]} 29.
Bc7 {[%clk 00:04:13]} {[%emt 00:00:15]} c3 {[%clk 00:03:42]} {[%emt 00:01:12]}
30. Rec1 {[%clk 00:03:45]} {[%emt 00:00:58]} Rxc1+ {[%clk 00:03:28]} {[%emt
00:00:44]} 31. Rxc1 {[%clk 00:04:13]} Rc6 {[%clk 00:03:47]} {[%emt 00:00:12]}
32. Bxa5 {[%clk 00:03:28]} {[%emt 00:01:15]} c2 {[%clk 00:03:45]} {[%emt
00:00:32]} 33. Kg1 {[%clk 00:03:38]} {[%emt 00:00:21]} Bxa2 {[%clk 00:03:27]}
{[%emt 00:00:48]} 34. Kf2 {[%clk 00:03:39]} {[%emt 00:00:29]} Bb1 {[%clk
00:03:09]} {[%emt 00:00:48]} 35. Ke2 {[%clk 00:03:12]} {[%emt 00:00:57]} Rc4
{[%clk 00:02:42]} {[%emt 00:00:56]} 36. Kd3 {[%emt 00:00:35]} b5 {[%clk
00:02:54]} {[%emt 00:00:10]} 37. Bc3 {[%clk 00:02:49]} {[%emt 00:00:57]} Ke6
{[%clk 00:02:40]} {[%emt 00:00:44]} 38. Bb2 {[%clk 00:02:51]} {[%emt 00:00:28]}
Kd7 {[%clk 00:02:13]} {[%emt 00:00:57]} 39. Re1 {[%clk 00:02:40]} {[%emt
00:00:41]} c1=Q+ {[%emt 00:02:17]} 0-1

[Event "DVM U16 2023"]
[Site "Magdeburg GER"]
[Date "2023.12.28"]
[Round "3"]
[White "Strauß, Florian"]
[Black "Widmann, Maximilian"]
[Result "1/2-1/2"]
[Termination "normal"]
[Board "6.3"]
[WhiteElo "1454"]
[BlackElo "1611"]
[WhiteClock "00:32:05"]
[BlackClock "00:03:23"]
[WhiteTeam "SV Multatuli Ingelheim"]
[BlackTeam "VfB Schach Leipzig"]
[PlyCount "97"]
[WhiteFideId "16298047"]
[BlackFideId "16281691"]
[EventCountry "GER"]
[EventRounds "7"]
[EventType "team-swiss"]
[EventDate "2023.12.26"]

1. e4 {[%clk 01:30:59]} {[%emt 12:40:15]} c6 {[%clk 01:30:51]} {[%emt
00:00:10]} 2. d4 {[%clk 01:31:24]} {[%emt 00:00:05]} d5 {[%clk 01:31:10]}
{[%emt 00:00:11]} 3. exd5 {[%clk 01:31:53]} {[%emt 00:00:01]} cxd5 {[%clk
01:31:26]} {[%emt 00:00:14]} 4. Bd3 {[%clk 01:32:18]} {[%emt 00:00:04]} Nc6
{[%clk 01:31:35]} {[%emt 00:00:21]} 5. c3 {[%clk 01:32:40]} {[%emt 00:00:08]}
Nf6 {[%clk 01:31:54]} {[%emt 00:00:11]} 6. h3 {[%clk 01:33:06]} {[%emt
00:00:04]} Qc7 {[%clk 01:31:38]} {[%emt 00:00:46]} 7. Nf3 {[%clk 01:33:12]}
{[%emt 00:00:25]} e6 {[%clk 01:31:03]} {[%emt 00:01:05]} 8. O-O {[%clk
01:29:43]} {[%emt 00:03:59]} Bd6 {[%clk 01:28:32]} {[%emt 00:03:01]} 9. Re1
{[%clk 01:28:35]} {[%emt 00:01:38]} O-O {[%clk 01:25:43]} {[%emt 00:03:18]} 10.
Nbd2 {[%clk 01:26:43]} {[%emt 00:02:22]} Re8 {[%clk 01:14:49]} {[%emt
00:11:24]} 11. Nb3 {[%clk 01:25:08]} {[%emt 00:02:06]} h6 {[%clk 01:11:16]}
{[%emt 00:04:03]} 12. Be3 {[%clk 01:18:19]} {[%emt 00:07:18]} b6 {[%clk
01:06:47]} {[%emt 00:04:59]} 13. a4 {[%clk 01:14:21]} {[%emt 00:04:27]} Bd7
{[%clk 00:55:31]} {[%emt 00:11:46]} 14. Qd2 {[%clk 01:02:47]} {[%emt 00:12:04]}
Ne4 {[%clk 00:44:29]} {[%emt 00:11:32]} 15. Qc2 {[%clk 01:00:27]} {[%emt
00:02:50]} Nf6 {[%clk 00:39:40]} {[%emt 00:05:20]} 16. Bb5 {[%clk 00:53:38]}
{[%emt 00:07:19]} a6 {[%clk 00:37:28]} {[%emt 00:02:41]} 17. Bf1 {[%clk
00:53:17]} {[%emt 00:00:51]} Bc8 {[%clk 00:32:06]} {[%emt 00:05:52]} 18. Nc1
{[%clk 00:50:43]} {[%emt 00:03:04]} Rb8 {[%clk 00:30:23]} {[%emt 00:02:13]} 19.
Nd3 {[%clk 00:47:32]} {[%emt 00:03:40]} Nd7 {[%clk 00:27:18]} {[%emt 00:03:36]}
20. Qd2 {[%clk 00:46:12]} {[%emt 00:01:51]} Qd8 {[%clk 00:24:36]} {[%emt
00:03:12]} 21. Bf4 {[%clk 00:43:12]} {[%emt 00:03:30]} Bxf4 {[%clk 00:20:09]}
{[%emt 00:04:57]} 22. Qxf4 {[%clk 00:43:05]} {[%emt 00:00:37]} b5 {[%clk
00:17:30]} {[%emt 00:03:08]} 23. axb5 {[%clk 00:34:50]} {[%emt 00:08:45]} axb5
{[%clk 00:17:35]} {[%emt 00:00:25]} 24. Nfe5 {[%clk 00:31:40]} {[%emt
00:03:40]} Ndxe5 {[%clk 00:14:48]} {[%emt 00:03:18]} 25. Nxe5 {[%clk 00:31:53]}
{[%emt 00:00:17]} Nxe5 {[%clk 00:14:15]} {[%emt 00:01:02]} 26. Qxe5 {[%clk
00:32:01]} {[%emt 00:00:22]} Bd7 {[%clk 00:13:19]} {[%emt 00:01:26]} 27. b4
{[%clk 00:31:25]} {[%emt 00:01:06]} Qb6 {[%clk 00:10:50]} {[%emt 00:02:58]} 28.
Ra3 {[%clk 00:29:44]} {[%emt 00:02:12]} Ra8 {[%emt 00:03:16]} 29. Rea1 {[%clk
00:29:25]} Rxa3 {[%clk 00:08:09]} {[%emt 00:01:14]} 30. Rxa3 {[%clk 00:29:47]}
{[%emt 00:00:08]} Rc8 {[%clk 00:08:10]} {[%emt 00:00:29]} 31. Qe1 {[%clk
00:28:21]} {[%emt 00:01:56]} Qc6 {[%clk 00:06:19]} {[%emt 00:02:19]} 32. f4
{[%clk 00:26:46]} {[%emt 00:02:08]} Qd6 {[%clk 00:03:54]} {[%emt 00:02:54]} 33.
g3 {[%clk 00:25:45]} {[%emt 00:01:31]} Kf8 {[%clk 00:03:10]} {[%emt 00:01:15]}
34. Ra5 {[%clk 00:22:12]} {[%emt 00:04:02]} Rb8 {[%clk 00:02:55]} {[%emt
00:00:45]} 35. Qa1 {[%clk 00:20:46]} {[%emt 00:01:56]} Bc6 {[%clk 00:02:00]}
{[%emt 00:01:26]} 36. Ra6 {[%clk 00:18:18]} {[%emt 00:02:58]} Qd7 {[%clk
00:01:16]} {[%emt 00:01:14]} 37. Qa5 {[%clk 00:16:45]} {[%emt 00:02:03]} Qb7
{[%clk 00:00:45]} {[%emt 00:01:01]} 38. Ra7 {[%clk 00:14:56]} {[%emt 00:02:19]}
Qb6 {[%clk 00:00:36]} {[%emt 00:00:40]} 39. Qxb6 {[%clk 00:14:04]} {[%emt
00:01:22]} Rxb6 {[%clk 00:01:02]} {[%emt 00:00:04]} 40. Rc7 {[%clk 00:13:51]}
{[%emt 00:00:43]} Be8 {[%clk 00:00:34]} {[%emt 00:00:59]} 41. Rc5 {[%clk
00:12:52]} {[%emt 00:01:28]} Ke7 {[%clk 00:20:41]} {[%emt 00:10:23]} 42. Kf2
{[%clk 00:41:54]} {[%emt 00:01:29]} Bd7 {[%clk 00:13:08]} {[%emt 00:08:04]} 43.
f5 {[%clk 00:37:16]} {[%emt 00:05:07]} Rb7 {[%clk 00:10:00]} {[%emt 00:03:38]}
44. fxe6 {[%clk 00:36:29]} {[%emt 00:01:18]} fxe6 {[%clk 00:09:46]} {[%emt
00:00:44]} 45. Ke3 {[%clk 00:36:39]} {[%emt 00:00:20]} Kf6 {[%clk 00:08:11]}
{[%emt 00:02:06]} 46. Bg2 {[%clk 00:34:49]} {[%emt 00:02:20]} Ra7 {[%clk
00:07:19]} {[%emt 00:01:21]} 47. Bf1 {[%clk 00:34:55]} {[%emt 00:00:24]} Rb7
{[%clk 00:07:18]} {[%emt 00:00:31]} 48. Kf3 {[%emt 00:02:22]} g5 {[%clk
00:06:06]} 49. h4 {[%clk 00:34:28]} {[%emt 00:00:47]} 1/2-1/2